000 00584cam a22001933a 4500
001 45785
003 PGUSA
005 20140828084049.0
008 140527s2014||||xxu|||||s|||||000 | eng d
040 _aPGUSA
_beng
042 _adc
245 1 0 _aNew York Times Current History :
_bThe European War, Vol. 8, Pt. 2, No. 1, July 1918
_h[electronic resource] /
_cVarious
260 _bProject Gutenberg,
_c2014
506 _aPublic domain in the USA.
516 _aElectronic text
830 0 _aProject Gutenberg
_v45785
856 4 0 _uhttp://www.gutenberg.org/ebooks/45785
942 _cEB
999 _c275035
_d275035